Statistiques concernant Pays par image d'un site UNESCO - Afrique

Cliquez ici pour prendre le quiz!

Statistiques générales

  • Ce quiz a été pris 172 fois
  • Le résultat moyen est 5 sur 12

Statistiques - réponses

Réponse% Correct
Égypte
100%
Maroc
52%
Mali
50%
Tanzanie
50%
Tunisie
46%
Namibie
35%
Algérie
29%
Soudan
27%
Kenya
22%
Éthiopie
19%
Afrique du Sud
18%
Libye
18%

Distribution des résultats

Percentile par nombre de réponses

% des personnes avec chaque résultat

Votre développement - résultats

Vous n’avez pas pris ce quiz